Przystanki Autobusowe na trasie PKS SŁUPSK - USTKA (Linia 200) - Statystyki

Ogólne statystyki
  • Ten quiz został rozwiązany 15 razy
  • Średni wynik to 16 z 42
Statystyki odpowiedzi
Miejscowości Przystanki % Poprawnych
Sienkiewicza
77%
Słupsk CH Jantar
69%
3 Maja - Fabryczna
62%
Dworzec Kolejowy i Autobusowy
62%
Hala Gryfia
62%
Os. Niepodległości
62%
Szczecińska - Braci Gierymskich
62%
(w stronę Ustki) Wojska Polskiego
62%
Andersa
54%
Niestkowo Charnowo - Niestkowo
54%
Dmowskiego
54%
Grabno Grabno
54%
Kołobrzeska
54%
Kopernika
54%
Włynkówko
54%
Kołłątaja - Kaufland
46%
Sobieskiego - Banacha
46%
Sobieskiego - Ekonomik
46%
Włynkowo Włynkowo
46%
Zimowiska
46%
Bałtycka
38%
(w stronę Słupska) Plac Dąbrowskiego
38%
Plac Dąbrowskiego
38%
Szczecińska - Dunikowskiego
38%
(w stronę Słupska) Ratusz
31%
(w stronę Słupska) Sobieskiego - 3 Maja
31%
Węzeł Transportowy
23%
Wróblewskiego
23%
Bałtycka - Wiadukt
15%
Bydlino - Słupska
15%
Ustka Nadleśnictwo
15%
(w stronę Ustki) Os. Bałtyckie
15%
Portowa - Fabryka Okien
15%
Portowa - Interstyl
15%
Portowa - Strefa Ekonomiczna
15%
Słupska - Stadion
15%
Zimowiska Zimowiska - Działki
15%
Bydlino - Leśna
8%
Bydlino Bydlino - Orzechowa
8%
Bydlino - Złoty Potok
8%
Grabno 1
8%
Włynkówko Włynkówko - Działki
8%
Nie znaleziono quizów pasujących do podanych kryteriów
Rozkład punktacji
Procent ludzi z każdym wynikiem
Percentyl według liczby udzielonych odpowiedzi
Twoja historia wyników
Nie rozwiązałeś tego quizu